Score 0/26 Timer 02:00
1 Play Today
Play C or T? % Correct
Hamlet???
94.6%
Macbeth???
94.6%
Julius Caesar???
94.4%
Much Ado About Nothing???
93.5%
As You Like It???
93.5%
Romeo and Juliet???
93.5%
Othello???
93%
Antony and Cleopatra???
92.5%
All's Well That Ends Well???
92.3%
King Lear???
92.1%
The Comedy of Errors???
91.9%
A Midsummer Night's Dream???
91.2%
The Merry Wives of Windsor???
90.9%
Play C or T? % Correct
Titus Andronicus???
87.9%
The Taming of the Shrew???
87%
The Two Gentlemen of Verona???
84.1%
Measure for Measure???
84.1%
Coriolanus???
83%
Twelfth Night???
82.5%
Troilus and Cressida???
82.2%
Timon of Athens???
78.5%
Love's Labour's Lost???
77.8%
The Merchant of Venice???
62.7%
Cymbeline???
62.1%
The Winter's Tale???
61.5%
The Tempest???
54.8%
Come Together.
Have Fun.
All Virtual.
We all need to come together. Play Sporcle's virtual live trivia to have fun, connect with people, and get your trivia on. Join a live hosted trivia game for your favorite pub trivia experience done virtually. If a virtual private party is more your thing, go here for details.

You're not logged in!

Compare scores with friends on all Sporcle quizzes.
OR
Log In

Sporcle TV

Today on Sporcle TV


Watch our educational content, quiz creation guides, and fun videos on Sporcle TV.

Show Comments

Extras

Top Quizzes Today


Score Distribution

Paid Content

Your Account Isn't Verified!

In order to create a playlist on Sporcle, you need to verify the email address you used during registration. Go to your Sporcle Settings to finish the process.

Report this User

Report this user for behavior that violates our Community Guidelines.

Details: